logo

Bir Sreshtho Munshi Abdur Rouf Library
Jhenaidah Cadet College

Climbing Everest : (Record no. 6701)

MARC details
000 -LEADER
fixed length control field 01039nam a2200253 a 4500
001 - CONTROL NUMBER
JCCL Control Number 6701
003 - CONTROL NUMBER IDENTIFIER
JCCL marc code UkOxU
005 - DATE AND TIME OF LATEST TRANSACTION
control field 20180305162355.0
008 - FIXED-LENGTH DATA ELEMENTS--GENERAL INFORMATION
fixed length control field 500101s1960 enka 000 0 eng d
035 ## - SYSTEM CONTROL NUMBER
system control number (BD-JhCC) 6701
040 ## - CATALOGING SOURCE
Original cataloging agency DLC
Transcribing agency DLC
Modifying agency EQO
041 ## - LANGUAGE CODE
Language code of Book eng
050 #0 - LIBRARY OF CONGRESS CALL NUMBER
Classification number GV199.44.E85
Item number B76
082 ## - DEWEY DECIMAL CLASSIFICATION NUMBER
Classification number 796.5/22
Author mark and Year BRO 1963
100 1# - MAIN ENTRY--PERSONAL NAME
Personal name Broughton, Geoffrey,
Dates associated with a name 1927-
245 10 - TITLE STATEMENT
Title Climbing Everest :
Remainder of title an anthology /
Statement of responsibility, etc selected and edited by Geoffrey Broughton from the writings of the climbers themselves
260 ## - PUBLICATION, DISTRIBUTION, ETC. (IMPRINT)
Place of publication, distribution, etc Oxford University Press :
Name of publisher, distributor, etc London,
Date of publication, distribution, etc 1960
300 ## - PHYSICAL DESCRIPTION
Pagination 149 p.
Other physical details illus.
Dimensions 19 cm
505 0# - FORMATTED CONTENTS NOTE
Formatted contents note The highest mountain.--The challenge.--First failure.--Avalanche.--Norton's gallant effort.--Tragedy.--Lost on Everest.--Over the top.--A new route.--Swiss attempt.--Plans and proposals.--Establishing camp VII.--Gifts for the gods
650 #0 - SUBJECT ADDED ENTRY--TOPICAL TERM
Topical term or geographic name as entry element Mountaineering
Geographic subdivision Everest, Mount (China and Nepal)
General subdivision History
651 #0 - SUBJECT ADDED ENTRY--GEOGRAPHIC NAME
Geographic name Everest, Mount (China and Nepal)
General subdivision Description and travel
942 ## - ADDED ENTRY ELEMENTS (KOHA)
Source of classification or shelving scheme Dewey Decimal Classification
Koha item type Books
Holdings
Source of classification or shelving scheme Damaged status Not for loan Home library Current library Shelving location Total Checkouts Full call number Barcode Date last seen Copy number Koha item type
Dewey Decimal Classification     JCC Rouf Library JCC Rouf Library General Stacks   796.5/22 BRO 1963 9240 01/28/2018 C - 1 Books

JCC Library | Contacts | JCC Home

Last Update on 23 September 2017
Copyright @ 2017-2020 JCC Rouf Library
Rouf Library, Jhenidah Cadet College (JCC), Bangladesh